Taxation direct tax : (Record no. 88727)

MARC details
000 -LEADER
fixed length control field 00648nam a22001937a 4500
005 - DATE AND TIME OF LATEST TRANSACTION
control field 20140926152404.0
010 ## - LCCN (DPL NO)
LC control number ENG-110887
020 ## - INTERNATIONAL STANDARD BOOK NUMBER
International Standard Book Number 9789351432074
Terms of availability 540.00
035 ## - SYSTEM CONTROL NUMBER
System control number EN-94419
037 ## - SOURCE OF ACQUISITION
Source of stock number/acquisition DBAD/PUB
082 ## - DEWEY DECIMAL CLASSIFICATION NUMBER
Classification number 343.052
100 ## - MAIN ENTRY--PERSONAL NAME
Personal name Dubey, Arvind
245 ## - TITLE STATEMENT
Title Taxation direct tax :
Statement of responsibility, etc by Arvind Dubey
Remainder of title assessment year 2014-15 for CA-intermediate (IPC) November, 2014 examination /
250 ## - EDITION STATEMENT
Edition statement 11th rev. ed
260 ## - PUBLICATION, DISTRIBUTION, ETC. (IMPRINT)
Place of publication, distribution, etc Gurgaon
Name of publisher, distributor, etc Lexis Nexis
Date of publication, distribution, etc 2014
270 ## - ADDRESS
Address 14th Floor, Building No.10, Tower-B, DLF Cyber City, Phase-II
City Gurgaon
Postal code 122002
300 ## - PHYSICAL DESCRIPTION
Extent 630p.
Dimensions 28cm(pbk)
942 ## - ADDED ENTRY ELEMENTS (KOHA)
Source of classification or shelving scheme Dewey Decimal Classification
Item type English Books
Call number suffix DUB
Classification part 343.052
Holdings
Withdrawn status Lost status Not for loan Collection code Home library Current library Date acquired Source of acquisition Cost, normal purchase price Full call number Barcode Copy number Cost, replacement price Koha item type
    Not For Loan Non-fiction D.B.Act.Division D.B.Act.Division 17/09/2014 DBAD/PUB 540.00 343.052 DUB EN-94419 1 540.00 English Books

© Delhi Public Library
Hit Counter
free hit counter